000 00497nam a2200205Ia 4500
001 13488
003 GE_BSU
008 181216s||||||||xx |||||||||||||| ||und||
040 _cGE_BSU
080 _a821.111.09
100 _aCarlyle,Thomas
245 _aEssays. Critical and Miscellaneous. Vol.2
245 _bIn Seven volumes vol.2
260 _aLondon
260 _bChampan and Hall
260 _c1872
300 _a303p.17cm.
653 _aEssays. Critical and Miscellaneous
942 _cBK
999 _c46648
_d46648